Danny DeVito Filmography - Statistics

General Stats
  • This quiz has been taken 361 times
    64 since last reset
  • The average score is 30 of 188
Answer Stats
Type Year Name % Correct
Film 1992 Batman Returns
75%
TV Show 2006-Present It's Always Sunny in Philadelphia
75%
Film 1988 Twins
70%
Film 1996 Matilda
65%
Theater 1971-1973 One Flew Over the Cuckoo's Nest
65%
Film 1975 One Flew Over the Cuckoo's Nest
63%
TV Show 1978-1983 Taxi
63%
TV Show 1982-2011 Saturday Night Live
60%
Film 1987 Throw Momma from the Train
60%
Video Game 1997 Disney's Hercules
53%
Film 1997 Hercules
53%
Film 1989 The War of the Roses
48%
Film 1992 Hoffa
45%
Film 1984 Romancing the Stone
45%
Film 2019 Dumbo
40%
Film 1995 Get Shorty
40%
Film 1997 L.A. Confidential
40%
Film 1985 The Jewel of the Nile
40%
Film 2003 Big Fish
38%
TV Show 2004 F•R•I•E•N•D•S
38%
Film 1994 Junior
38%
Film 1996 Mars Attacks!
38%
Film 2012 The Lorax
38%
TV Show 1991, 1992, 2013, 2024 The Simpsons
38%
Film 1997 The Rainmaker
35%
Film 2024 Beetlejuice Beetlejuice
33%
Film 2023 Haunted Mansion
30%
Film 1996 Space Jam
30%
Film 2005 Be Cool
28%
Film 2000 Drowning Mona
28%
Commercial 2022-Present Jersey Mike's
28%
Film 1986 Ruthless People
28%
Film 1986 Wise Guys
28%
Film 2002 Death to Smoochy
25%
Film 2006 Deck the Halls
25%
Film 1999 Man on the Moon
25%
Production 1994 Pulp Fiction
25%
Film 2019 Jumanji: The Next Level
23%
Film 1994 Renaissance Man
23%
Film 1983 Terms of Endearment
23%
Film 1999 The Virgin Suicides
23%
Film 2002 Austin Powers in Goldmember
20%
Film 2003 Duplex
20%
Production 2000 Erin Brockovich
20%
Film 1993 Jack the Bear
20%
Film 1993 Last Action Hero
20%
Film 2023 Migration
20%
Film 1991 Other People's Money
20%
Film 1987 Tin Men
20%
Film 1978 Goin' South
18%
Film 1993 Look Who's Talking Now
18%
Film 2018 Smallfoot
18%
Film 2017 Animal Crackers
15%
Film 2024 A Sudden Case of Christmas
15%
Film 2001 Heist
15%
TV Show 2022 Little Demon
15%
Film 1998 Living Out Loud
15%
Film 1997 Men in Black
15%
Film 1986 My Little Pony: The Movie
15%
Production 1998 Out of Sight
15%
Film 2023 Poolman
15%
TV Show 1987, 1988, 1989, 1994 Sesame Street
15%
Film 2016 The Comedian
15%
Film 2020 The One and Only Ivan
15%
Film 2001 What's the Worst That Could Happen?
15%
Film 1981 Going Ape!
13%
Film 1985 Head Office
13%
Film 2012 Hotel Noir
13%
Film 1984 Johnny Dangerously
13%
Film 1971 Lady Liberty
13%
Film 2006 Relative Strangers
13%
Production 2003-2009, 2020 Reno 911!
13%
Film 2007 Reno 911!: Miami
13%
Film 2009 Solitary Man
13%
Web Series 2018 The Kominsky Method
13%
Film 2021 The Survivor
13%
Film 1977 The Van
13%
Film 1977 The World's Greatest Lover
13%
Film 2010 When in Rome
13%
Music Video 1986 When the Going Gets Tough, the Tough Get Going
13%
Film 2016 Wiener-Dog
13%
Film 2006 10 Items or Less
10%
TV Show 2025 Abbott Elementary
10%
Film 2014 All the Wilderness
10%
Film 2003 Anything Else
10%
Production 2014 A Walk Among the Tombstones
10%
TV Show 2023 Big City Greens
10%
TV Show 1984 CBS Schoolbreak Special
10%
Film 2004 Christmas in Love
10%
Short Film 2016 Curmudgeons
10%
Film 1970 Dreams of Glass
10%
TV Show 2002 Ed
10%
Film 2006 Even Money
10%
Music Video 1984 Ghostbusters
10%
Film 2011 Girl Walks into a Bar
10%
Web Series 2023 History of the World: Part II
10%
Short Film 1972 Hot Dogs for Gauguin
10%
Film 2009 House Broken
10%
Production 2001 How High
10%
Film 1973 Hurry Up, or I'll Be 30
10%
Film 2008 Just Add Water
10%
TV Show 2003 Karen Sisco
10%
Film 2005 Marilyn Hotchkiss' Ballroom Dancing and Charm School
10%
Film 2007 Nobel Son
10%
Production 1994 Reality Bites
10%
Film 2000 Screwed
10%
TV Show 1977 Starsky & Hutch
10%
Film 1979 Swap Meet
10%
Film 1999 The Big Kahuna
10%
Film 2007 The Good Night
10%
TV Show 1994 The Larry Sanders Show
10%
Film 1976 The Money
10%
Film 2006 The Oh in Ohio
10%
TV Film 1984 The Ratings Game
10%
Production 1994 8 Seconds
8%
Production 2004 Along Came Polly
8%
TV Show 1985 Amazing Stories
8%
TV Show 1979 Angie
8%
Production 2003 Camp
8%
TV Show 2015 Deadbeat
8%
TV Show 1977 Delvecchio
8%
Video Game 1997 Disney's Animated Storybook: Hercules
8%
TV Show 2004 Father of the Pride
8%
Production 1996 Feeling Minnesota
8%
Production 2007 Freedom Writers
8%
Production 2004 Garden State
8%
Production 1997 Gattaca
8%
TV Show 2021 Last Week Tonight with John Oliver
8%
TV Show 1997 Pearl
8%
TV Show 1977 Police Woman
8%
Film 1973 Scalawag
8%
Music Video 2014 Steal My Girl
8%
Web Series 2022 StoryBots: Answer Time
8%
Director TBA St. Sebastian
8%
TV Show 1980 The Associates
8%
TV Special 1990 The Earth Day Special
8%
Theater 1974 The Merry Wives of Windsor
8%
Theater 2013 The Sunshine Boys
8%
Music Video 1998 Victory
8%
Theater 1973 A Phantasmoria Historia of D. Johann Fausten Magister, PhD, MD, DD, DL, Etc.
5%
Documentary Series 1999, 2000 Biography
5%
Short Film 2007 Danny DeVito & the Contract
5%
Short Film 2021 Discord: The Movie
5%
TV Film 1985 Happily Ever After
5%
Theater 2023 I Need That
5%
TV Show 1994 M&M's
5%
Commercial 2018 M&M's
5%
Music Video 2006 Mojo
5%
Film 1991 Money
5%
Commercial 2015 Nespresso
5%
Director 2005 Queen B
5%
Film 2011 Revenge of the Electric Car
5%
Theater 1969 Shoot Anything with Hair That Moves
5%
Theater 1975 The Comedy of Errors
5%
Theater 1969 The Man with the Flower in His Mouth
5%
Theater 2017 The Price
5%
Short Film 2012 Today's the Day
5%
TV Film 1989 Two Daddies?
5%
Music Video 1997 Wear My Hat
5%
TV Special 1994 All-Star 25th Birthday: Stars and Street Forever!
3%
Documentary Mini-Series 2023 Arnold
3%
TV Show 2000 Bette
3%
Short Film 2004 Catching Kringle
3%
Short Film 2012 Forces of Nature
3%
Production 2022 He Watches
3%
Short Film 2010 Inside the Actor's Workshop
3%
TV Film 1983 Likely Stories, Vol. 2
3%
Commercial 2002 Lipton's Brisk
3%
TV Film 1995 Little Red Riding Hood
3%
TV Film 2008 Little Spirit: Christmas in New York
3%
Short Film 1975 Minestrone
3%
Film 2006 My Girlfriend's Aboard
3%
Commercial 2018 QuickBooks
3%
Production 2022 Reno 911!: It's a Wonderful Heist
3%
Production 2021 Reno 911!: The Hunt for QAnon
3%
Director 1976 Selling of Vince D'Angelo
3%
Short Film 2013 Seven Minutes to Save the World
3%
Commercial 2024 State Farm
3%
TV Show 1979 The Mike Douglas Show
3%
TV Film 1979 Valentine
3%
Film 2021 Harry Haft
0%
Short Film 2009 It's Always Sunny in Philadelphia: A Very Sunny Christmas
0%
Documentary 2017 Jim & Andy: The Great Beyond – Featuring a Very Special, Contractually Obligated Mention of Tony Clifton
0%
TV Short 2018 Premio Donostia a Danny DeVito
0%
TV Film 1988 Sesame Street: Put Down the Duckie
0%
Film 2022 Sniff
0%
Theater 1981 Three by Pirandello
0%
Documentary Series 2025 Welcome to Wrexham
0%
No matching quizzes found
Score Distribution
Percent of People with Each Score
Percentile by Number Answered
Your Score History
You have not taken this quiz since the last reset